| 000 | 00595nam a22001337a 4500 | ||
|---|---|---|---|
| 040 | _cRUA | ||
| 082 | _aAGR YEM 2011 B050 Or.1 | ||
| 100 | _aYEM, BONA | ||
| 245 | _aEffect of weeds management on the yield of phka rumdeng rice variety ឥទ្ទិពលនៃការគ្រប់គ្រងស្មៅចង្រៃទៅលើទិន្នផលពូជស្រូវផ្ការំដេង | ||
| 260 |
_aPhnom Penh _bRUA _c2011 |
||
| 300 |
_axiii, 43p. _bill. _c29cm. |
||
| 856 | _uhttps://drive.google.com/file/d/1DJSz7QbjsbYZhCe03jiRImnoYT3tfJ1G/view?usp=sharing | ||
| 942 | _cAGR | ||
| 999 |
_c1331 _d1331 |
||